00899cam a22003017a 4500003000500000005001700005008004100022010001000063011001000073020001500083035001000098040000900108082002000117110000800137245014200145260002400287300001100311410000800322490005900330650004400389650002700433700001700460700001300477700002400490700001600514810000800530830005900538CHAP20220817043546.0990624d1996 it rn 00110 spa d a78441 a79413 a9253034742 a89641 cCHAP04a631.5bF33Y v.82 aFAO10aUso de información de las unidades agropecuarias y de las comunidades para programas y políticas agrariasc/por J. M. Dixon [y otros] aRome :bFAO,c1996. a112 p.2 aFAO 0aGestión de sistemas de explotación agrícolav; 814aAgriculturaxSistemas de información.14aPolítica agrícola.0 aDixon, J. M.0 aHall, M.0 aHardaker, J. Brian.0 aVyas, V. S.0 aFAO00aGestión de sistemas de explotación agrícolav; 8